00376pab a2200133 454500008004000000100002200040245006900062260000900131300001300140362001100153650002100164700002300185773003400208180718b2012 xxu||||| |||| 00| 0 eng d aKaranth, K. Ullas aA tiger in the drawing room: Can luxury tourism benefit wildlife c2012 ap.38-43. a22 Sep aWild and animals aKaranth, K. Krithi aEconomic and Political Weekly